<?xml version="1.0" encoding="UTF-8"?>
<collection xmlns="http://www.loc.gov/MARC21/slim">
 <record>
  <leader>01987nam a22003017a 4500</leader>
  <controlfield tag="001">NCT_65322</controlfield>
  <controlfield tag="008">190809b        xxu||||| |||| 00| 0 vie d</controlfield>
  <datafield tag="999" ind1=" " ind2=" ">
   <subfield code="c">3166</subfield>
   <subfield code="d">3166</subfield>
  </datafield>
  <datafield tag="020" ind1=" " ind2=" ">
   <subfield code="c">132000</subfield>
  </datafield>
  <datafield tag="082" ind1="0" ind2="4">
   <subfield code="2">23rd ed.</subfield>
   <subfield code="a">624.15</subfield>
   <subfield code="b">Qu106</subfield>
  </datafield>
  <datafield tag="100" ind1="1" ind2=" ">
   <subfield code="a">Nguyễn Văn Quảng</subfield>
  </datafield>
  <datafield tag="245" ind1="1" ind2="0">
   <subfield code="a">Nền và móng các công trình dân dụng - công nghiệp</subfield>
   <subfield code="c">Nguyễn Văn Quảng, Nguyễn Hữu Kháng, Uông Đình Chất</subfield>
  </datafield>
  <datafield tag="250" ind1=" " ind2=" ">
   <subfield code="a">Tái bản</subfield>
  </datafield>
  <datafield tag="260" ind1=" " ind2=" ">
   <subfield code="a">H.</subfield>
   <subfield code="b">Xây dựng</subfield>
   <subfield code="c">2013</subfield>
  </datafield>
  <datafield tag="300" ind1=" " ind2=" ">
   <subfield code="a">390 tr.</subfield>
   <subfield code="b">minh họa</subfield>
   <subfield code="c">27cm</subfield>
  </datafield>
  <datafield tag="500" ind1=" " ind2=" ">
   <subfield code="a">ĐTTS ghi: Trường Đại học Kiến trúc Hà Nội</subfield>
  </datafield>
  <datafield tag="520" ind1="3" ind2=" ">
   <subfield code="a">Những nguyên tắc cơ bản của thiết kê nền móng, thiết kế móng nông trên nền thiên nhiên, tính toán móng mềm, nền nhân tạo, ....</subfield>
  </datafield>
  <datafield tag="653" ind1=" " ind2=" ">
   <subfield code="a">Kỹ thuật công trình xây dựng</subfield>
  </datafield>
  <datafield tag="700" ind1="1" ind2=" ">
   <subfield code="a">Nguyễn Hữu Kháng</subfield>
  </datafield>
  <datafield tag="700" ind1="1" ind2=" ">
   <subfield code="a">Uông Đình Chất</subfield>
  </datafield>
  <datafield tag="942" ind1=" " ind2=" ">
   <subfield code="2">ddc</subfield>
   <subfield code="c">BK</subfield>
  </datafield>
  <datafield tag="952" ind1=" " ind2=" ">
   <subfield code="0">0</subfield>
   <subfield code="1">0</subfield>
   <subfield code="2">ddc</subfield>
   <subfield code="4">0</subfield>
   <subfield code="6">624_150000000000000_QU106</subfield>
   <subfield code="7">0</subfield>
   <subfield code="9">17030</subfield>
   <subfield code="a">000001</subfield>
   <subfield code="b">000001</subfield>
   <subfield code="d">2019-08-09</subfield>
   <subfield code="o">624.15 Qu106</subfield>
   <subfield code="p">MD.15729</subfield>
   <subfield code="r">2019-08-09</subfield>
   <subfield code="v">132000.00</subfield>
   <subfield code="w">2019-08-09</subfield>
   <subfield code="y">BK</subfield>
  </datafield>
  <datafield tag="952" ind1=" " ind2=" ">
   <subfield code="0">0</subfield>
   <subfield code="1">0</subfield>
   <subfield code="2">ddc</subfield>
   <subfield code="4">0</subfield>
   <subfield code="6">624_150000000000000_QU106</subfield>
   <subfield code="7">0</subfield>
   <subfield code="9">17031</subfield>
   <subfield code="a">000001</subfield>
   <subfield code="b">000001</subfield>
   <subfield code="d">2019-08-09</subfield>
   <subfield code="o">624.15 Qu106</subfield>
   <subfield code="p">MD.15730</subfield>
   <subfield code="r">2019-08-09</subfield>
   <subfield code="v">132000.00</subfield>
   <subfield code="w">2019-08-09</subfield>
   <subfield code="y">BK</subfield>
  </datafield>
  <datafield tag="952" ind1=" " ind2=" ">
   <subfield code="0">0</subfield>
   <subfield code="1">0</subfield>
   <subfield code="2">ddc</subfield>
   <subfield code="4">0</subfield>
   <subfield code="6">624_150000000000000_QU106</subfield>
   <subfield code="7">0</subfield>
   <subfield code="9">17032</subfield>
   <subfield code="a">000001</subfield>
   <subfield code="b">000001</subfield>
   <subfield code="d">2019-08-09</subfield>
   <subfield code="o">624.15 Qu106</subfield>
   <subfield code="p">MD.15731</subfield>
   <subfield code="r">2019-08-09</subfield>
   <subfield code="v">132000.00</subfield>
   <subfield code="w">2019-08-09</subfield>
   <subfield code="y">BK</subfield>
  </datafield>
  <datafield tag="952" ind1=" " ind2=" ">
   <subfield code="0">0</subfield>
   <subfield code="1">0</subfield>
   <subfield code="2">ddc</subfield>
   <subfield code="4">0</subfield>
   <subfield code="6">624_150000000000000_QU106</subfield>
   <subfield code="7">0</subfield>
   <subfield code="9">17033</subfield>
   <subfield code="a">000001</subfield>
   <subfield code="b">000001</subfield>
   <subfield code="d">2019-08-09</subfield>
   <subfield code="o">624.15 Qu106</subfield>
   <subfield code="p">MD.15732</subfield>
   <subfield code="r">2019-08-09</subfield>
   <subfield code="v">132000.00</subfield>
   <subfield code="w">2019-08-09</subfield>
   <subfield code="y">BK</subfield>
  </datafield>
  <datafield tag="952" ind1=" " ind2=" ">
   <subfield code="0">0</subfield>
   <subfield code="1">0</subfield>
   <subfield code="2">ddc</subfield>
   <subfield code="4">0</subfield>
   <subfield code="6">624_150000000000000_QU106</subfield>
   <subfield code="7">0</subfield>
   <subfield code="9">17034</subfield>
   <subfield code="a">000001</subfield>
   <subfield code="b">000001</subfield>
   <subfield code="d">2019-08-09</subfield>
   <subfield code="o">624.15 Qu106</subfield>
   <subfield code="p">MD.15733</subfield>
   <subfield code="r">2019-08-09</subfield>
   <subfield code="v">132000.00</subfield>
   <subfield code="w">2019-08-09</subfield>
   <subfield code="y">BK</subfield>
  </datafield>
  <datafield tag="952" ind1=" " ind2=" ">
   <subfield code="0">0</subfield>
   <subfield code="1">0</subfield>
   <subfield code="2">ddc</subfield>
   <subfield code="4">0</subfield>
   <subfield code="6">624_150000000000000_QU106</subfield>
   <subfield code="7">0</subfield>
   <subfield code="9">17035</subfield>
   <subfield code="a">000001</subfield>
   <subfield code="b">000001</subfield>
   <subfield code="d">2019-08-09</subfield>
   <subfield code="o">624.15 Qu106</subfield>
   <subfield code="p">MD.15734</subfield>
   <subfield code="r">2019-08-09</subfield>
   <subfield code="t">132000</subfield>
   <subfield code="w">2019-08-09</subfield>
   <subfield code="y">BK</subfield>
  </datafield>
  <datafield tag="980" ind1=" " ind2=" ">
   <subfield code="a">Thư viện Trường Đại học Nam Cần Thơ</subfield>
  </datafield>
 </record>
</collection>
